000 00276nam a22001217a 4500
008 170620b xxu||||| |||| 00| 0 eng d
041 _aeng
080 _a32
100 _a20
101 _aSHP
245 _aSETTING NATIONAL PRIORTIES 1980
_cBOSWORTH.B.P
942 _2udc
_cBK
999 _c18301
_d18301